LEADER 01313nam a2200301 a 4500 001 000000126646 003 CaOOAMICUS 005 20111027105816.0 008 111024s2011 it u000 u ita r 040 $aPUL$bita 041 1 $aita$heng 082 04$a808.8 100 1 $aWilde, Oscar,$d1856-1900.$0(OLS)http://pul/name/38139 240 10$aCanterville ghost.$lItaliano.$0(OLS)http://pul/title/159963 245 13$aIl fantasma di Canterville e altri racconti /$cOscar Wilde ; introduzione di Stefano Bartezzaghi. 260 $aRoma :$bGruppo editoriale l'Espresso,$c©2011. 300 $a127 p. ;$c20 cm 490 1 $aI Grandi della narrativa ;$v14 500 $aSul front.: La biblioteca di Repubblica. 700 1 $aBartezzaghi, Stefano.$0(OLS)http://pul/name/80725 830 0$aGrandi della narrativa (L'Espresso) ;$v14.$0(OLS)http://pul/title/159128 850 $aPUL 852 $aPUL$W1$xDP2 Cons. Gen., Altre Classi 3$y97$m808. 8 COLL 2.14$j146427$qDDC 21$B145137$CPULBib$Z2$F145137 $H118325 $82 941 1 $a9 996 $6082$a808.8$9(OLS)http://pul/classification/2065 996 $6245$aIl fantasma di Canterville e altri racconti$9(OLS)http://pul/title/159964 996 $6260$aRoma :$bGruppo editoriale l'Espresso$9(OLS)http://pul/publisher/79104 LEADER 01286nam a2200289 u 4500 001 000000113588 003 CaOOAMICUS 005 20081021114005.0 008 081021s1987 it u000 u ita r 020 $z978-88-211-8321-8* 040 $aPUL$bita$dPUL$dLDB 041 1 $aita$hger 100 1 $aBuber, Martin,$d1878-1965.$0(OLS)http://pul/name/5557 240 10$aIsrael und Palästina. Zur Geschichte eineer Idee.$lItaliano.$0(OLS)http://pul/title/142723 245 10$aIsraele e Palestina :$bSion: storia di un'idea /$cMartin Buber ; nota introduttiva di Andrea Poma. 260 $aGenova ;$aMilano :$bMarietti,$cc1987. 300 $axii, 184 p. ;$c21 cm. 490 1 $aBiblioteca ebraica ;$v12 650 14$aSionismo.$0(OLS)http://pul/subject/20650 830 0$aBiblioteca ebraica ;$v12.$0(OLS)http://pul/title/43761 850 $aPUL 852 $aPUL$W1$xSL Cons. Gen., Altre Classi 3$y75$m956. 94 BUBMA 1$j129783$qDDC 21$B128839$CPULBib$Z2$F128839 $H108491 $82 941 1 $a9 961 $aRistampa 2008 996 $6020$z978-88-211-8321-8*$9(OLS)http://pul/number/138921 996 $6245$aIsraele e Palestina :$bSion: storia di un'idea$9(OLS)http://pul/title/142724 996 $6260$aGenova ;$aMilano :$bMarietti$9(OLS)http://pul/publisher/74601